Vnímanie privátnych značiek spotrebiteľmi v SR

Stratégia značiek obchodu a skupinových značiek. Používanie názvov vlastných značiek, ktoré sa nepodobajú na názov obchodu, v ktorom sú predávané. Vývoj a pojem vlastných značiek. Kategórie výrobkov vlastných značiek, kvalita, modernosť a cenová výhodnosť.

Enregistré dans:
Détails bibliographiques
Auteur principal: Chebeň, Juraj
Autres auteurs: Štefúnová, Monika
Format: Chapitre de livre
Langue:slovaque
Sujets:
Tags: Ajouter un tag
Pas de tags, Soyez le premier à ajouter un tag!

MARC

LEADER 00000nla$a2200000$$$4500
001 0146194
005 20240502072634.2
041 0 |a slo 
044 |a SK 
245 1 0 |a Vnímanie privátnych značiek spotrebiteľmi v SR  |c Juraj Chebeň, Monika Štefúnová 
520 |a Stratégia značiek obchodu a skupinových značiek. Používanie názvov vlastných značiek, ktoré sa nepodobajú na názov obchodu, v ktorom sú predávané. Vývoj a pojem vlastných značiek. Kategórie výrobkov vlastných značiek, kvalita, modernosť a cenová výhodnosť. 
610 2 0 |a reťazce obchodné 
610 2 0 |a maloobchod 
610 2 0 |a stratégia obchodná 
610 2 0 |a výrobky 
610 2 0 |a tovar 
610 2 0 |a značky maloobchodné 
610 2 0 |a značky kvality 
610 2 0 |a spotrebitelia 
100 1 |a Chebeň, Juraj 
700 1 |a Štefúnová, Monika